निषाद केवट : (Record no. 120579)

MARC details
000 -LEADER
fixed length control field 01224nam a22002657a 4500
005 - DATE AND TIME OF LATEST TRANSACTION
control field 20170124103200.0
010 ## - LIBRARY OF CONGRESS CONTROL NUMBER
LC control number B-101160
020 ## - INTERNATIONAL STANDARD BOOK NUMBER
Terms of availability 450.00
International Standard Book Number 8174872477
035 ## - SYSTEM CONTROL NUMBER
System control number B-101160
037 ## - SOURCE OF ACQUISITION
Source of stock number/acquisition Cen Lib/Ret
040 ## - CATALOGING SOURCE
Original cataloging agency DPL
Language of cataloging HN
082 ## - DEWEY DECIMAL CLASSIFICATION NUMBER
Classification number 305.56
Item number श्रीवातव
100 ## - MAIN ENTRY--PERSONAL NAME
Personal name श्रीवातव, निर्मला
9 (RLIN) 40
245 ## - TITLE STATEMENT
Title निषाद केवट :
Statement of responsibility, etc निर्मला श्रीवातव
Remainder of title परिवर्तन की ओर /
246 ## - VARYING FORM OF TITLE
Title proper/short title Nishad kevat : parivartan ki or /
Remainder of title by Nirmala Srivastava
260 ## - PUBLICATION, DISTRIBUTION, ETC. (IMPRINT)
Place of publication, distribution, etc नई दिल्ली
Name of publisher, distributor, etc राधा पब्लिकेशन्स
Date of publication, distribution, etc 2002
270 ## - ADDRESS
Address 4378/4 बी, अंसारी रोड, दरियागंज
City नई दिल्ली
Postal code 110002
300 ## - PHYSICAL DESCRIPTION
Extent 282पृ.
Dimensions 21सेमी (सजिल्द)
500 ## - GENERAL NOTE
General note सन्दर्भ सूची शामिल
650 ## - SUBJECT ADDED ENTRY--TOPICAL TERM
Topical term or geographic name as entry element आधुनिक समाज और सभ्यता
9 (RLIN) 84419
650 ## - SUBJECT ADDED ENTRY--TOPICAL TERM
Topical term or geographic name as entry element निषाद समुदाय
9 (RLIN) 91391
650 ## - SUBJECT ADDED ENTRY--TOPICAL TERM
Topical term or geographic name as entry element Modern society and civilization
9 (RLIN) 91392
650 ## - SUBJECT ADDED ENTRY--TOPICAL TERM
Topical term or geographic name as entry element Nishad community
9 (RLIN) 91393
942 ## - ADDED ENTRY ELEMENTS (KOHA)
Source of classification or shelving scheme Dewey Decimal Classification
Koha item type Hindi Books
Classification part 305.56
Call number suffix श्रीवातव
Holdings
Withdrawn status Lost status Damaged status Not for loan Home library Current library Date acquired Source of acquisition Cost, normal purchase price Total Checkouts Full call number Barcode Date last seen Date checked out Copy number Cost, replacement price Price effective from Koha item type
        Central Library Central Library 23/09/2015 Cen Lib/Ret 450.00 1 305.56 श्रीवातव B-101160 27/07/2018 09/07/2018 1 450.00 23/09/2015 Hindi Books

© Delhi Public Library
Hit Counter
free hit counter